Mots mêlés de Départements français #2 - Statistiques

Statistiques générales
  • Ce quiz a été pris 2 532 fois
    2 524 depuis la dernière actualisation
  • Le résultat moyen est 12 sur 21
Réponses sur la Carte
Les réponses sont colorées sur une échelle allant du rouge au vert en fonction du pourcentage des utilisateurs qui les ont devinées à leur premier essai. Vous pouvez retrouver ces pourcentages ci-dessous.
 
Statistiques - réponses

% Correct
Charente
98%
Mayenne
97%
Guyane
95%
Savoie
94%
Manche
85%
Paris
85%
Vendée
72%
Deux-Sèvres
70%
Rhône
69%
Pas-de-Calais
63%
Doubs
55%
Côte-d'Or
50%
Creuse
46%
Nord
45%
Orne
44%
Mayotte
37%
Hautes-Alpes
30%
Lot
24%
Aube
22%
Vosges
18%
Eure
15%
Aucun quiz correspondant
Distribution des résultats
% des personnes avec chaque résultat
Percentile par nombre de réponses
Votre historique - résultats
Vous n’avez pas pris ce quiz depuis la dernière actualisation